logo

Bir Sreshtho Munshi Abdur Rouf Library
Jhenaidah Cadet College

President Nixon : (Record no. 1817)

MARC details
000 -LEADER
fixed length control field 00920cam a2200277 a 4500
001 - CONTROL NUMBER
JCCL Control Number 1817
003 - CONTROL NUMBER IDENTIFIER
JCCL marc code BD-JhCC
005 - DATE AND TIME OF LATEST TRANSACTION
control field 20171024202137.0
008 - FIXED-LENGTH DATA ELEMENTS--GENERAL INFORMATION
fixed length control field 010510s2001 nyuaf b 001 0beng
020 ## - INTERNATIONAL STANDARD BOOK NUMBER
International Standard Book Number 0684802317
035 ## - SYSTEM CONTROL NUMBER
system control number (BD-JhCC)1817
040 ## - CATALOGING SOURCE
Original cataloging agency DLC
Transcribing agency DLC
Modifying agency C#P
-- MYG
041 ## - LANGUAGE CODE
Language code of Book eng
050 00 - LIBRARY OF CONGRESS CALL NUMBER
Classification number E856.R44 2001
082 00 - DEWEY DECIMAL CLASSIFICATION NUMBER
Classification number 973.924/092
-- B
DDC Edition number 21
Author mark and Year REE 2001
100 1# - MAIN ENTRY--PERSONAL NAME
Personal name Reeves, Richard,
Dates associated with a name 1936-
245 10 - TITLE STATEMENT
Title President Nixon :
Remainder of title alone in the White House /
Statement of responsibility, etc Richard Reeves.
260 ## - PUBLICATION, DISTRIBUTION, ETC. (IMPRINT)
Place of publication, distribution, etc New York :
Name of publisher, distributor, etc Simon & Schuster,
Date of publication, distribution, etc c2001.
300 ## - PHYSICAL DESCRIPTION
Pagination 702 p., [16] p. of plates :
Other physical details ill. ;
Dimensions 24 cm.
504 ## - BIBLIOGRAPHY, ETC. NOTE
Bibliography, etc Includes bibliographical references (p. [611]-661) and index.
600 10 - SUBJECT ADDED ENTRY--PERSONAL NAME
Personal name Nixon, Richard M.
Fuller form of name (Richard Milhous),
Dates associated with a name 1913-1994.
650 #0 - SUBJECT ADDED ENTRY--TOPICAL TERM
Topical term or geographic name as entry element Presidents
Geographic subdivision United States
Form subdivision Biography.
651 #0 - SUBJECT ADDED ENTRY--GEOGRAPHIC NAME
Geographic name United States
General subdivision Politics and government
Chronological subdivision 1969-1974.
942 ## - ADDED ENTRY ELEMENTS (KOHA)
Source of classification or shelving scheme Dewey Decimal Classification
Koha item type Books
Holdings
Source of classification or shelving scheme Damaged status Not for loan Home library Current library Shelving location Date of accession Cost, normal purchase price Total Checkouts Full call number Barcode Date last seen Copy number Koha item type
Dewey Decimal Classification     JCC Rouf Library JCC Rouf Library General Stacks 10/24/2017 18.99   973.924/092 REE 2001 3006 10/21/2019 C-1 Books

JCC Library | Contacts | JCC Home

Last Update on 23 September 2017
Copyright @ 2017-2020 JCC Rouf Library
Rouf Library, Jhenidah Cadet College (JCC), Bangladesh